| 000 | 00364nam a22001457a 4500 | ||
|---|---|---|---|
| 003 | OSt | ||
| 008 | 250407b |||||||| |||| 00| 0 eng d | ||
| 082 |
_a635.93 _bS61F |
||
| 100 | _aSingh. Dharmenra | ||
| 245 | _aFloral Biology of Agri-Horticultural Crops | ||
| 260 |
_aNew Delhi _bTTPP _c2016 |
||
| 300 | _a40 p. | ||
| 650 | _aHorticulture | ||
| 942 |
_2ddc _cBK |
||
| 999 |
_c47877 _d47877 |
||